|
|
|
|
| LEADER |
00000cam a2200000 7i4500 |
| 001 |
0000278164 |
| 005 |
20210902150649.0 |
| 006 |
ao ###g ### |
| 007 |
t |
| 008 |
210902s2019 oruo g eng |
| 020 |
|
|
|a 9781604694987
|
| 040 |
|
|
|a MBPJ
|b eng
|c MBPJ
|e rda
|
| 090 |
0 |
0 |
|a 581
|b GOL
|
| 100 |
1 |
|
|a Goldblatt, Peter ,
|e author
|
| 245 |
0 |
0 |
|a Temperate Garden Plant Families :
|b The Essential Guide to Identification and Classification
|c Peter Goldblatt and John C. Manning
|
| 264 |
|
1 |
|a Portland, Oregon :
|b Timber Press
|c 2019
|
| 300 |
|
|
|a 315 pages :
|b colour photograph ;
|c 24 cm.
|
| 336 |
|
|
|a still image
|2 rdacontent
|
| 336 |
|
|
|a text
|2 rdacontent
|
| 337 |
|
|
|a unmediated
|2 rdamedia
|
| 338 |
|
|
|a volume
|2 rdacarrier
|
| 650 |
|
0 |
|a Plants
|x Classification
|
| 650 |
|
0 |
|a Plants
|x Identification
|
| 700 |
1 |
|
|a Manning, John C ,
|e author
|
| 999 |
|
|
|a 00391397
|b BUKU
|c RUJUKAN
|e PERPUSTAKAAN KOMUNITI PETALING JAYA
|